000 01039cab a2200241 4500
001 ABS57784
008 090401t1997 xxu||||| |||| 00| 0 eng d
035 _a(Sirsi) u81540
041 _aeng
245 _aBrill & Co v Penn
260 _c1997
350 _a0
490 _aProperty, planning & compensation reports
_v[1997] 74 P&CR 210-220(11)
520 _aCA 16 April 1997. Real property - mortgage fraud - vendor`s solicitor aware that purchaser`s solicitor acting also for building society - whether solicitor`s warranty that was duly authorised on behalf of vendor was given to building society through whom purchaser would be borrowing money to complete purchase - whether loss caused by breach of warranty of authority - when appropriate to order that costs be taxed on indemnity rather than standard basis. (Headnotes)
650 _aAUTHORISATION
650 _aBUILDING SOCIETY
650 _aDEBT
650 _aMORTGAGE FRAUD
650 _aSOLICITOR
690 _aLAW-CASE LAW
942 _n0
948 _c20/10/1997
999 _c51377
_d51377